<?xml version="1.0" encoding="UTF-8"?>
<record
    xmlns:xsi="http://www.w3.org/2001/XMLSchema-instance"
    xsi:schemaLocation="http://www.loc.gov/MARC21/slim http://www.loc.gov/standards/marcxml/schema/MARC21slim.xsd"
    xmlns="http://www.loc.gov/MARC21/slim">

  <leader>00608nam a22001817a 4500</leader>
  <controlfield tag="003">BDDh-ASL</controlfield>
  <controlfield tag="005">20231015030804.0</controlfield>
  <controlfield tag="008">211107s2010    b  ||||| |||| 00| 0 b   d</controlfield>
  <datafield tag="040" ind1=" " ind2=" ">
    <subfield code="a">BDDh-ASL</subfield>
    <subfield code="c">BDDh-ASL</subfield>
  </datafield>
  <datafield tag="082" ind1=" " ind2=" ">
    <subfield code="a">954</subfield>
    <subfield code="b">MOB </subfield>
  </datafield>
  <datafield tag="100" ind1="1" ind2=" ">
    <subfield code="9">4373</subfield>
    <subfield code="a">&#x9AE;&#x9C1;&#x9B8;&#x9CD;&#x9A4;&#x9AB;&#x9BE;, &#x997;&#x9CB;&#x9B2;&#x9BE;&#x9AE;</subfield>
    <subfield code="c">&#x985;&#x9A7;&#x9CD;&#x9AF;&#x9BE;&#x9AA;&#x995;</subfield>
  </datafield>
  <datafield tag="245" ind1="1" ind2="0">
    <subfield code="a">&#x9AC;&#x999;&#x9CD;&#x997;&#x9AD;&#x999;&#x9CD;&#x997; &#x993; &#x9A4;&#x9CE;&#x995;&#x9BE;&#x9B2; / </subfield>
  </datafield>
  <datafield tag="246" ind1=" " ind2=" ">
    <subfield code="a">Bangabhongo O Totkal by Golam Mustofa. </subfield>
  </datafield>
  <datafield tag="260" ind1=" " ind2=" ">
    <subfield code="a">&#x9A2;&#x9BE;&#x995;&#x9BE; : </subfield>
    <subfield code="b">&#x9B8;&#x9A8;&#x9CD;&#x9A6;&#x9C7;&#x9B6;, </subfield>
    <subfield code="c">2010. </subfield>
    <subfield code="c">&#x9E8;&#x9E6;&#x9E6;&#x9EB;&#x964; </subfield>
  </datafield>
  <datafield tag="300" ind1=" " ind2=" ">
    <subfield code="a">88 p. : </subfield>
    <subfield code="c">22 cm. </subfield>
  </datafield>
  <datafield tag="650" ind1=" " ind2="0">
    <subfield code="9">5845</subfield>
    <subfield code="a">&#x9AC;&#x999;&#x9CD;&#x997;&#x9AD;&#x999;&#x9CD;&#x997;</subfield>
  </datafield>
  <datafield tag="942" ind1=" " ind2=" ">
    <subfield code="2">ddc</subfield>
    <subfield code="c">BK</subfield>
  </datafield>
  <datafield tag="952" ind1=" " ind2=" ">
    <subfield code="0">0</subfield>
    <subfield code="1">0</subfield>
    <subfield code="2">ddc</subfield>
    <subfield code="4">0</subfield>
    <subfield code="7">0</subfield>
    <subfield code="8">NFIC</subfield>
    <subfield code="a">ASL</subfield>
    <subfield code="b">ASL</subfield>
    <subfield code="c">GEN</subfield>
    <subfield code="d">2021-11-07</subfield>
    <subfield code="e">Complimentary</subfield>
    <subfield code="l">0</subfield>
    <subfield code="o">954 MOB</subfield>
    <subfield code="p">113834</subfield>
    <subfield code="r">2021-11-07 00:00:00</subfield>
    <subfield code="t">C-1</subfield>
    <subfield code="w">2021-11-07</subfield>
    <subfield code="y">BK</subfield>
  </datafield>
  <datafield tag="952" ind1=" " ind2=" ">
    <subfield code="0">0</subfield>
    <subfield code="1">0</subfield>
    <subfield code="2">ddc</subfield>
    <subfield code="4">0</subfield>
    <subfield code="7">0</subfield>
    <subfield code="8">NFIC</subfield>
    <subfield code="a">ASL</subfield>
    <subfield code="b">ASL</subfield>
    <subfield code="c">WAC</subfield>
    <subfield code="d">2023-03-07</subfield>
    <subfield code="e">Donated by Prof. Wakil Ahmed</subfield>
    <subfield code="l">0</subfield>
    <subfield code="o">954 MOB </subfield>
    <subfield code="p">119456</subfield>
    <subfield code="r">2023-03-07 00:00:00</subfield>
    <subfield code="t">C-2</subfield>
    <subfield code="w">2023-03-07</subfield>
    <subfield code="y">BK</subfield>
  </datafield>
  <datafield tag="952" ind1=" " ind2=" ">
    <subfield code="0">0</subfield>
    <subfield code="1">0</subfield>
    <subfield code="2">ddc</subfield>
    <subfield code="4">0</subfield>
    <subfield code="7">0</subfield>
    <subfield code="8">NFIC</subfield>
    <subfield code="a">ASL</subfield>
    <subfield code="b">ASL</subfield>
    <subfield code="c">GEN</subfield>
    <subfield code="d">2023-04-01</subfield>
    <subfield code="e">Complimentary</subfield>
    <subfield code="l">0</subfield>
    <subfield code="o">954 MOB </subfield>
    <subfield code="p">120317</subfield>
    <subfield code="r">2023-04-01 00:00:00</subfield>
    <subfield code="t">C-3</subfield>
    <subfield code="w">2023-04-01</subfield>
    <subfield code="y">BK</subfield>
    <subfield code="z">Y-2005</subfield>
  </datafield>
  <datafield tag="999" ind1=" " ind2=" ">
    <subfield code="c">27670</subfield>
    <subfield code="d">27670</subfield>
  </datafield>
</record>
